|
|
|
|
| LEADER |
01405cam a2200337 a 4500 |
| 001 |
c000389904 |
| 003 |
CARM |
| 005 |
20120918110005.0 |
| 008 |
120511r19851886xnaa 001 0 eng d |
| 019 |
1 |
|
|a 4065814
|
| 020 |
|
|
|a 0867770260 (hbk.)
|c $19.95 Aust.
|
| 035 |
|
|
|a (OCoLC)27603987
|
| 040 |
|
|
|a ANB
|b eng
|c ANB
|d VUCA
|d ANL
|
| 042 |
|
|
|a anuc
|
| 043 |
|
|
|a u-at---
|
| 082 |
0 |
4 |
|a 919.40431
|2 19
|
| 100 |
1 |
|
|a Willoughby, Howard,
|d 1839-1908.
|
| 245 |
1 |
0 |
|a Australian pictures :
|b a facsimile of the volume originally published in 1886 /
|c Howard Willoughby.
|
| 250 |
|
|
|a 1st ed.
|
| 260 |
|
|
|a Brookvale, N.S.W. :
|b Child, Henry & Page,
|c 1985.
|
| 300 |
|
|
|a 224 p. :
|b ill. ;
|c 28 cm.
|
| 500 |
|
|
|a Facsim. reprint. First published as: Australian pictures drawn with pen and pencil. London : Religious Tract Society, 1886, Ferguson no. 18617.
|
| 500 |
|
|
|a Includes index.
|
| 500 |
|
|
|a "This edition published without the fold-out map contained in the original volume'-T.p. verso.
|
| 504 |
|
|
|a Includes index.
|
| 610 |
1 |
0 |
|a Australia
|x Description and travel
|y 1851-1900.
|
| 852 |
8 |
|
|b CARM
|p 0579552
|f BK
|
| 852 |
8 |
|
|b SCAN
|h A3:AG21C0
|i F08250
|p 0579552
|f BK
|
| 999 |
f |
f |
|i d49889f6-bc10-51fe-a3c9-29b347bd532f
|s df5944e4-f0cf-5f69-836c-264cb8fb078a
|
| 952 |
f |
f |
|p Can circulate
|a CAVAL
|b CAVAL
|c CAVAL
|d CARM 1 Store
|i book
|m 0579552
|
| 952 |
f |
f |
|a CAVAL
|b CAVAL
|c CAVAL
|d Unmapped Location
|e F08250
|f A3:AG21C0
|h Other scheme
|